Gaming Quiz

Random Gaming or Video Games Quiz

Finish the Video Game Quiz Stats

 Plays Quiz not verified by Sporcle

Score 0/20 Timer 04:00
5 Plays Today
Question Answer Wrong Answers
____ Crush Candy
95.4%
Dairy
0.7%
Vegetables
0.5%
Lego
0.6%
Grand Theft ____ Auto
95.1%
Flowers
0.5%
Towels
0.6%
Bread
0.6%
____ Invaders Space
94%
Shift
1.2%
Enter
0.9%
Caps Lock
0.6%
____ Birds Angry
93.8%
Happy
1.8%
Sad
0.6%
Sick
0.7%
____ Dead Redemption Red
90.9%
Blue
0.9%
Black
4.1%
Green
0.9%
____ Band Rock
90.8%
Tree
1.6%
Banana Split
2.1%
Hand
2.3%
____ Hunt Duck
90.3%
Swan
2.7%
Penguin
1.2%
Sparrow
2.5%
The Elder _____ V: Skyrim Scrolls
89.7%
Papers
2.7%
Pens
1.8%
Erasers
2.6%
____ ____ Revolution Dance
87.9%
Study
2.5%
Walk
4.2%
Sleep
2.1%
____ 4 Dead Left
86.6%
Right
10.4%
Call of Duty: ____ Ghosts
83.3%
Witches
2.5%
Frankenstein's Monster
2.1%
Goblins
8.8%
Star ____ Fox
82.1%
Wolf
9.6%
Dog
2%
Dingo
3.1%
The Oregon ____ Trail
82%
Road
10.3%
Alley
2.5%
Aisle
2%
Tom Clancy's ____ Six Rainbow
80.7%
Cardinal
7.6%
Parade
7%
Toadstool
1.5%
____out: New Vegas Fall
80.2%
Climb
8.3%
Swim
1.5%
Jump
6.8%
____ Wars Halo
76.8%
Devil
12.4%
Policeman
4.7%
Waiter
3%
Tomb ____ Raider
75.9%
Pirate
1%
Tiger
2.2%
Buccaneer
17.6%
Super ____ Bros. Mario
71.3%
Clint
4.2%
Bob
9.1%
John
12.1%
Assassin's ____ Creed
68.9%
Rocky
7.2%
Drago
11.8%
Clubber Lang
8.9%
Crash _____ Bandicoot
47.6%
Tasmanian Devil
41.9%
Kangaroo
5.1%
Koala
2.1%

You're not logged in!

Compare scores with friends on all Sporcle quizzes.
OR
Log In

Show Comments

Extras

Top Quizzes Today


Score Distribution

Your Account Isn't Verified!

In order to create a playlist on Sporcle, you need to verify the email address you used during registration. Go to your Sporcle Settings to finish the process.

Report this User

Report this user for behavior that violates our Community Guidelines.

Details: